<?xml version="1.0" encoding="UTF-8"?>
<marc:record xmlns:marc="http://www.loc.gov/MARC21/slim">
   <marc:leader>00000nam a2200000 a 4500</marc:leader>
   <marc:datafield ind1="1" ind2=" " tag="100">
      <marc:subfield code="a">Hamm, Wolf</marc:subfield>
      <marc:subfield code="4">aut</marc:subfield>
      <marc:subfield code="e">Verfasser/-in</marc:subfield>
   </marc:datafield>
   <marc:datafield ind1=" " ind2=" " tag="653">
      <marc:subfield code="a">Regensburg</marc:subfield>
   </marc:datafield>
   <marc:datafield ind1=" " ind2=" " tag="653">
      <marc:subfield code="a">Cham</marc:subfield>
   </marc:datafield>
   <marc:datafield ind1=" " ind2=" " tag="653">
      <marc:subfield code="a">Mord</marc:subfield>
   </marc:datafield>
   <marc:datafield ind1=" " ind2=" " tag="653">
      <marc:subfield code="a">Thriller</marc:subfield>
   </marc:datafield>
   <marc:datafield ind1=" " ind2=" " tag="653">
      <marc:subfield code="a">Spionage</marc:subfield>
   </marc:datafield>
   <marc:datafield ind1=" " ind2=" " tag="653">
      <marc:subfield code="a">Krimis</marc:subfield>
   </marc:datafield>
   <marc:datafield ind1="0" ind2="0" tag="245">
      <marc:subfield code="a">Kommissar Grantinger und das vierte Reich</marc:subfield>
   </marc:datafield>
   <marc:datafield ind1="0" ind2="0" tag="245">
      <marc:subfield code="c">Wolf Hamm</marc:subfield>
   </marc:datafield>
   <marc:datafield ind1=" " ind2="1" tag="264">
      <marc:subfield code="a">Regensburg</marc:subfield>
      <marc:subfield code="b">Spielberg</marc:subfield>
      <marc:subfield code="c">2015</marc:subfield>
   </marc:datafield>
   <marc:datafield ind1=" " ind2=" " tag="250">
      <marc:subfield code="a">1. Aufl.</marc:subfield>
   </marc:datafield>
   <marc:datafield ind1="1" ind2=" " tag="520">
      <marc:subfield code="a">Angaben aus der Verlagsmeldung

Kommissar Grantinger : und das vierte Reich / von Wolf Hamm

Ein Menschenherz hängt an der Kirchentür.
Aufregende Dinge kommen im Markt Falkenburg bei Regensburg ins Rollen.

Die mächtigste Frau des Orts wird ermordet. Der gefühlvolle, aber auch streitbare Kommissar Grantinger sieht in der schnellen Aufklärung dieses Verbrechens eine Möglichkeit, trotz seiner Strafversetzung noch befördert zu werden. Die Vorbereitung und Durchführung einer Wahlveranstaltung der National Republikanischen Partei (NRP) durch eine Gruppe von »Jungmannen« der rechtsgerichteten HVD (Hilfe für Verfolgte in Demokratien) erschweren seine Ermittlungen. Ein heftiger Streit mit dem karrieresüchtigen Staatsanwalt erhöht Grantingers Misere.
Schafft es Kommissar Grantinger, in Falkenburg wieder Ruhe und Beschaulichkeit herzustellen?

Humorvoll und politisch aktuell stellt Wolf Hamm seinen Kommissar Grantinger vor die Aufgabe, einen Mord auf-klären zu müssen.
</marc:subfield>
   </marc:datafield>
   <marc:datafield ind1=" " ind2=" " tag="020">
      <marc:subfield code="a">9783954526772</marc:subfield>
      <marc:subfield code="9">9783954526772</marc:subfield>
   </marc:datafield>
   <marc:datafield ind1=" " ind2=" " tag="041">
      <marc:subfield code="a">ger</marc:subfield>
   </marc:datafield>
   <marc:datafield ind1=" " ind2=" " tag="300">
      <marc:subfield code="a">210 S.</marc:subfield>
   </marc:datafield>
</marc:record>
